Five plays (Record no. 45524)

MARC details
000 -LEADER
fixed length control field 00626nam a2200157Ia 4500
008 - FIXED-LENGTH DATA ELEMENTS--GENERAL INFORMATION
fixed length control field 210329s9999||||xx |||||||||||||| ||und||
020 ## - INTERNATIONAL STANDARD BOOK NUMBER
International Standard Book Number 0 33390 780 9
040 ## - CATALOGING SOURCE
Transcribing agency STCPL
082 ## - DEWEY DECIMAL CLASSIFICATION NUMBER
Classification number 822
Item number PUB-F
245 #0 - TITLE STATEMENT
Title Five plays
260 ## - PUBLICATION, DISTRIBUTION, ETC.
Place of publication, distribution, etc. England
Name of publisher, distributor, etc. Macmillan & Co. Ltd.
Date of publication, distribution, etc. 1983
300 ## - PHYSICAL DESCRIPTION
Extent P- 117 V 17 CM
650 ## - SUBJECT ADDED ENTRY--TOPICAL TERM
Topical term or geographic name entry element English DramaTHE LIVING WORLD, BIOLOGICAL CLASSIFICATION, LOWER NON-CHORDATA, HIGHER NON-CHORDATA, CHORDATA, PHYSIOLOGY (SP.REFERENCE TO MAN), DEVELOPMENT, CELL BIOLOGY, GENETICS, GENERAL BIOLOGY, ENVIRONMENTAL BIOLOGY, APPLICATION OF BIOLOGY, ADDITIONAL INFORMATION
942 ## - ADDED ENTRY ELEMENTS (KOHA)
Koha item type Books
041 ## - LANGUAGE CODE
Language code of original English
Holdings
Withdrawn status Lost status Damaged status Not for loan Home library Current library Shelving location Date acquired Cost, normal purchase price Total Checkouts Full call number Barcode Date last seen Price effective from Koha item type
        ST. THOMAS COLLEGE LIBRARY, PALAI ST. THOMAS COLLEGE LIBRARY, PALAI   2021-07-10 25.00   822 PUB-F 59309 2021-07-10 2021-07-10 Books
Rights reserved ©2021 ST. THOMAS COLLEGE LIBRARY
A joint venture of - St. Thomas College Library and
Department of Computer Science, St. Thomas Collge Palai